New perspectives on computer concepts / (Record no. 10455)
[ view plain ]
| 000 -LEADER | |
|---|---|
| fixed length control field | 01183cam a22003134a 4500 |
| 090 ## - LOCALLY ASSIGNED LC-TYPE CALL NUMBER (OCLC); LOCAL CALL NUMBER (OCLC) | |
| -- | 0 |
| 001 - CONTROL NUMBER | |
| control field | 13862116 |
| 005 - DATE AND TIME OF LATEST TRANSACTION | |
| control field | 20060307105827.0 |
| 008 - FIXED-LENGTH DATA ELEMENTS--GENERAL INFORMATION | |
| fixed length control field | 050204s2003 maua 001 0 eng |
| 010 ## - LIBRARY OF CONGRESS CONTROL NUMBER | |
| LC control number | 2004559159 |
| 020 ## - INTERNATIONAL STANDARD BOOK NUMBER | |
| International Standard Book Number | 0619100052 |
| 040 ## - CATALOGING SOURCE | |
| Original cataloging agency | DLC |
| Transcribing agency | DLC |
| Modifying agency | DLC |
| 042 ## - AUTHENTICATION CODE | |
| Authentication code | pcc |
| 050 00 - LIBRARY OF CONGRESS CALL NUMBER | |
| Classification number | QA76 |
| Item number | .P356 2003 |
| 082 00 - DEWEY DECIMAL CLASSIFICATION NUMBER | |
| Classification number | 004 |
| Edition number | 22 |
| Item number | PAR |
| 100 1# - MAIN ENTRY--PERSONAL NAME | |
| Personal name | Parsons, June Jamrich. |
| 245 10 - TITLE STATEMENT | |
| Title | New perspectives on computer concepts / |
| Statement of responsibility, etc | by June Jamrich Parsons and Dan Oja. |
| 250 ## - EDITION STATEMENT | |
| Edition statement | 6th ed. |
| 260 ## - PUBLICATION, DISTRIBUTION, ETC. (IMPRINT) | |
| Place of publication, distribution, etc | Boston : |
| Name of publisher, distributor, etc | Thomson Course Technology, |
| Date of publication, distribution, etc | c2003. |
| 300 ## - PHYSICAL DESCRIPTION | |
| Extent | xxiii, 728 p. : |
| Other physical details | col. ill. ; |
| Dimensions | 28 cm. + |
| Accompanying material | 1 CD-ROM (4 3/4 in.) |
| 500 ## - GENERAL NOTE | |
| General note | Includes index. |
| 650 #0 - SUBJECT ADDED ENTRY--TOPICAL TERM | |
| Topical term or geographic name as entry element | Computers. |
| 650 #0 - SUBJECT ADDED ENTRY--TOPICAL TERM | |
| Topical term or geographic name as entry element | Electronic data processing. |
| 700 1# - ADDED ENTRY--PERSONAL NAME | |
| Personal name | Oja, Dan. |
| 942 ## - ADDED ENTRY ELEMENTS (KOHA) | |
| Source of classification or shelving scheme | Dewey Decimal Classification |
| Item type | Book - Borrowing |
| Withdrawn status | Item status | Source of classification or shelving scheme | Damaged status | Not for loan | Vendor | Home library | Current library | Shelving location | Date acquired | Source of acquisition | Cost, normal purchase price | Serial Enumeration / chronology | Total Checkouts | Total Renewals | Full call number | Barcode | Date last seen | Date last borrowed | Koha item type |
|---|---|---|---|---|---|---|---|---|---|---|---|---|---|---|---|---|---|---|---|
| Dewey Decimal Classification | Alahram | Central Library | Central Library | Lower Floor | 27/01/2009 | 504.00 | 6389 | 1 | 1 | 004 PAR | 000014342 | 15/07/2025 | 24/10/2015 | Book - Borrowing | |||||
| Dewey Decimal Classification | Alahram | Central Library | Central Library | Lower Floor | 27/01/2009 | 6389 | 004 PAR | 000014344 | 24/08/2022 | CD | DVD - With book |